Pokémon 1ère génération - Mort Subite - Statistiques

Statistiques générales
  • Ce quiz a été pris 4 998 fois
    121 depuis la dernière actualisation
  • Le résultat moyen est 13 sur 20
Answers on the Grid
Answers color-coded by a green-red scale on the quiz's grid according to % correct below.
Pikachu
Cradopaud
Feunard
Coupenotte
Rhinoféros
Magicarpe
Dracaufeu
Prismillon
Toudoudou
Kadabra
Brutalibré
Rattata
Artikodin
Hachécateur
Tortipouss
Mimitoss
Blizzi
Spectrum
Leuphorie
Hypocéan
Carapuce
Mewtwo
Lainergie
Métamorph
Rafflésia
Goinfrex
Magnézone
Tauros
Miaouss
Sapereau
Dracolosse
Chenipotte
Minisange
Taupiqueur
Suicune
Crustabri
 
Statistiques - réponses
Réponse % Correct
Pikachu
80%
Carapuce
73%
Magicarpe
73%
Miaouss
71%
Rattata
71%
Spectrum
70%
Dracolosse
69%
Mewtwo
69%
Taupiqueur
69%
Artikodin
68%
Dracaufeu
68%
Kadabra
66%
Tauros
66%
Métamorph
65%
Feunard
64%
Mimitoss
64%
Rhinoféros
64%
Hypocéan
59%
Crustabri
58%
Rafflésia
55%
Aucun quiz correspondant
Distribution des résultats
% des personnes avec chaque résultat
Percentile par nombre de réponses
Votre historique - résultats
Vous n’avez pas pris ce quiz depuis la dernière actualisation